Black money stashed outside India: review of the measures taken by the Income Tax Department to curb the practice (Record no. 502574)

000 -LEADER
fixed length control field 00549cam a22001337a 4500
008 - FIXED-LENGTH DATA ELEMENTS--GENERAL INFORMATION
fixed length control field 180718b2012 xxu||||| |||| 00| 0 eng d
082 ## - DEWEY DECIMAL CLASSIFICATION NUMBER
Classification number APPPA 2011-12/SAN
100 ## - MAIN ENTRY--PERSONAL NAME
Personal name Sanjay Kumar
245 ## - TITLE STATEMENT
Title Black money stashed outside India: review of the measures taken by the Income Tax Department to curb the practice
Statement of responsibility, etc. by Sanjay Kumar
260 ## - PUBLICATION, DISTRIBUTION, ETC.
Place of publication, distribution, etc. New Delhi
Name of publisher, distributor, etc. Indian Institute of Public Administration
Date of publication, distribution, etc. 2012
300 ## - PHYSICAL DESCRIPTION
Extent 117p.
500 ## - GENERAL NOTE
General note An APPPA M. Phil dissertation, 2011-12 (Guide: Dr. V. N. Alok)
650 ## - SUBJECT ADDED ENTRY--TOPICAL TERM
Topical term or geographic name entry element Taxation -Evasion and avidance -India
Holdings
Withdrawn status Lost status Damaged status Not for loan Permanent Location Current Location Date acquired Full call number Barcode Date last seen Price effective from Koha item type
        Indian Institute of Public Administration Indian Institute of Public Administration 2018-08-04 APPPA 2011-12/SAN GR18767 2018-08-04 2018-08-04 GR

Powered by Koha